The Entire Deltarune OST - Statistics

General Stats
  • This quiz has been taken 1,369 times
    1,363 since last reset
  • The average score is 85 of 164
Answer Stats
Hint Answer % Correct
047 C
96%
039 BIG SHOT
89%
009 Lancer
89%
010 Rude Buster
89%
033 THE WORLD REVOLVING
89%
027 It's TV Time!
87%
030 Black Knife
86%
004 Susie
86%
013 Field of Hopes and Dreams
85%
024 Vs. Susie
84%
058 Hammer of Justice
82%
005 Queen
81%
003 School
81%
001 ANOTHER HIM
80%
011 Ruder Buster
80%
030 Chaos King
78%
008 The Legend
78%
073 THE LEGEND...?
78%
032 Attack of the Killer Queen
77%
014 Berdly
77%
063 The Third Sanctuary
77%
023 NOW"S YOUR CHANCE TO BE A
76%
060 The Second Sanctuary
76%
026 TV WORLD
76%
022 Spamton
75%
068 GUARDIAN
74%
030 Lost Girl
74%
006 A CYBER"S WORLD?
73%
039 Don't Forget
71%
019 Scarlet Forest
71%
021 Vs. Lancer
71%
049 Dark Sanctuary
69%
015 Smart Race
69%
032 The Circus
69%
025 Card Castle
67%
026 Pandora Palace
67%
002 Girl Next Door
66%
020 Raise Up Your Bat
66%
007 The Chase
65%
037 ERAM
64%
029 It's Pronounced "Rules"
64%
044 You Can Always Come Home
64%
067 SPAWN
64%
005 The Door
64%
038 You Can Always Come Home
64%
011 Empty Town
63%
002 Beginning
62%
004 MIKE, the BOARD, please!
62%
003 My Castle Town
61%
033 SWORD
61%
017 WELCOME TO THE CITY
61%
053 A DARK ZONE
60%
050 From Now On (Battle 2)
60%
002 Feature Presentation
59%
028 Hip Shop
59%
026 Rouxls Kaard
59%
038 BURNING EYES
58%
001 Flashback (Excerpt)
58%
035 Knock You Down !!
58%
044 Knock You Down!! (Rhythm Ver.)
58%
017 Checker Dance
57%
041 Dialtone
57%
041 Another day in hometown
56%
035 GLACEIR
56%
042 sans.
56%
015 Vapor Buster
56%
076 Catswing
55%
037 A Town Called Hometown
54%
042 Friends
54%
005 Sandy Board
54%
070 The place where it rained
54%
012 Weird Birds
54%
015 Lantern
53%
069 Need a hand!?
53%
029 Breath
51%
014 Welcome to the Green Room
51%
059 12am
50%
021 HEY EVERY !
50%
062 13am
49%
045 Gingerbread House
49%
077 Air Waves
48%
043 Castle Funk
48%
032 Dump
48%
029 Gallery
48%
040 Hymn
48%
016 Paradise, Paradise
48%
012 Physical Challenge
48%
028 Acid Tunnel of Love
47%
006 Adventure Board
47%
040 A Real Boy!
47%
040 Before the Story
47%
036 BIT ROOTS
47%
006 Cliffs
47%
024 Doom Board
47%
056 Before the Story
47%
035 THE HOLY
47%
038 Deal Gone Wrong
46%
037 Digital Roots
46%
034 Friendship
46%
066 Crumbling Tower
45%
008 Quiz!
45%
036 Your Power
45%
034 NORTHERNLIGHT
44%
020 Thrash Machine
44%
072 Neverending Night
43%
048 ATRIUM
42%
031 Ferris Wheel
42%
046 The distance between two
42%
022 Basement
41%
031 Crickets
41%
033 Giga Size
41%
051 Gyaa Ha ha!
41%
010 When I Get Mad I Dance Like This
41%
027 April 2012
40%
011 Cyber Battle (Solo)
40%
052 Fireplace
40%
071 The Ol' Jitterbug
40%
078 Concert for you
39%
014 Fanfare (from Rose of Winter)
39%
018 Quiet Autumn
39%
020 Cool Mixtape
38%
028 Hall of Fame
38%
025 Metaphysical Challenge
38%
039 Old wooden rafters
38%
045 Until Next Time
38%
012 When I Get Happy I Dance Like This
38%
056 Wise words
37%
003 And Now For Today's Sponsors...!
36%
023 Big City Board
36%
001 Faint Glow
36%
019 Holiday Studio
36%
007 Query?
36%
055 Ever Higher
35%
016 I'm Very Bad
35%
019 Sound Check
35%
036 The Dark Truth
35%
025 Bluebird of Misfortune
34%
064 Dark Place
34%
009 Dig! Dig! To The Center of the Earth!
34%
016 Faint Courage (Game Over)
34%
024 Elegant Entrance
33%
022 Glowing Snow
33%
061 Ripple
33%
023 Imminent Death
32%
027 KEYGEN
32%
074 With Hope Crossed On Our Hearts
32%
031 Darkness Falls
31%
009 Cool Beat
30%
008 Almost To The Guys!
29%
021 KING OF ROLYPOLY
29%
034 Powers Combined
29%
010 Pushing Buddies
29%
018 SOUTH OF THE BORDER!!
29%
004 Ohhhhohohoho!
26%
017 Raft Ride
26%
007 A Simple Diversion!
25%
065 Heavy Footsteps
25%
018 Mini Studio
24%
013 Board Clear!
23%
013 Sound Studio
23%
075 Volume Adjustment
23%
057 Piano that may not be played that well
21%
043 Chill Jailbreak Alarm To Study And Relax To
17%
054 Mysterious Ringing
15%
No matching quizzes found
Score Distribution
Percent of People with Each Score
Percentile by Number Answered
Your Score History
You have not taken this quiz since the last reset